=LDR 00000nam 2200000 4500 =001 INLIS000000000004761 =005 20150314124231.0 =006 =007 =008 Ind =035 ##$$0010-061300000004761 =041 ##$$a Ind =082 ##$$a 500 =090 ##$$a 500, Sar m =100 ##$$a SARDAR, Ziauddin =245 ##$$a Mengenal chaos for beginners, Ziauddin Sardar dan Iwona Abrams =260 ##$$a 2001 $b Bandung =300 ##$$a 176 hlm., ilus., 21 cm =650 ##$$a SAINS =700 ##$$a ABRAMS, Iwona =850 ##$$a NBPNMAT